01123nam a2200241Ia 450000100060000000300090000600800410001504000130005604000130006904100130008210000150009510000280011024500820013824500820022025000110030226000110031326000230032426000490034730000550039650003600045165000390081165000310085079291IT-RoPAU130308s9999 xx 000 0 und d aIT-RoPAU cIT-RoPAU aSPAGNOLO aUrbez Luis gCodice Aut. SPICS: 250 aMedios de comunicacion: cine-la imagen cinematografica en su aspecto dinamico bMedios de comunicacion: cine-la imagen Cinematografica En su Aspecto Dinamico a1a ed. aMADRID bEdiciones Paulinas c1974 [1° Ed.:1974 - Ed.Ling.Originale:1974] a"48 p. (prefazione: no ; testo: 48 [pagine: 0-0])" aCorso per Corrispondenza Sui mezzi di Comunicazione Cinema immagine Cinematografica nel suo Aspetto Dinamico Movimento interno panoramica Usi del Movimento Panoramico Descrittivo Narrativo Espressivo Simbolico Zoom Movimento Esterno montaggio Espressione del montaggio Cinematografico montaggio Analitico e sintetico montaggio Narrativo ideologico Ritmico aTEORIA DELLA COMUNICAZIONE SOCIALE eCodice materia Spics: 3802